Devinez la Capitale Mystère #17 - Statistiques

Statistiques générales
  • Ce quiz a été pris 262 fois
  • Le résultat moyen est 28 sur 32
Statistiques - réponses
Type de Réponse Réponse % Correct
Lettre Trouvée A
100%
Lettre de l'Alphabet I
100%
Lettre Bien Placée A
99%
Lettre Trouvée R
99%
Lettre de l'Alphabet S
99%
Lettre de l'Alphabet O
97%
Lettre de l'Alphabet P
97%
Lettre de l'Alphabet E
96%
Lettre de l'Alphabet N
96%
Lettre Trouvée B
95%
Lettre de l'Alphabet L
94%
Lettre de l'Alphabet D
93%
Lettre de l'Alphabet M
92%
Lettre Bien Placée A
91%
Lettre de l'Alphabet U
91%
Lettre de l'Alphabet C
88%
Lettre de l'Alphabet G
88%
Lettre Trouvée T
88%
Lettre de l'Alphabet K
86%
Lettre de l'Alphabet H
85%
Lettre de l'Alphabet W
82%
Lettre de l'Alphabet V
80%
Lettre de l'Alphabet Y
80%
Lettre Bien Placée R
79%
Lettre de l'Alphabet X
79%
Lettre de l'Alphabet J
78%
Lettre de l'Alphabet Z
78%
Lettre Bien Placée B
76%
Lettre de l'Alphabet F
76%
Lettre de l'Alphabet Q
76%
Capitale Mystère Rabat
74%
Lettre Bien Placée T
74%
Aucun quiz correspondant
Distribution des résultats
% des personnes avec chaque résultat
Percentile par nombre de réponses
Votre historique - résultats
Vous n’avez pas pris ce quiz